名字含“湖”的县区 Counties with lake in their names - Statistics

General Stats
  • This quiz has been taken 105 times
  • The average score is 22 of 33
Answer Stats
地级行政区 县区 % Correct
杭州市 西湖区
96%
南昌市 西湖区
96%
嘉兴市 南湖区
94%
南昌市 东湖区
91%
合肥市 巢湖市
84%
无锡市 滨湖区
81%
厦门市 湖里区
80%
武汉市 东西湖区
79%
嘉兴市 平湖市
78%
深圳市 罗湖区
75%
运城市 盐湖区
74%
郴州市 北湖区
73%
荆州市 洪湖市
72%
淮安市 金湖县
72%
西安市 莲湖区
69%
安庆市 太湖县
68%
盐城市 建湖县
65%
九江市 湖口县
62%
芜湖市 镜湖区
60%
南昌市 青山湖区
60%
盐城市 亭湖区
59%
肇庆市 鼎湖区
57%
汕头市 龙湖区
57%
鄂州市 梁子湖区
56%
巴音郭楞蒙古自治州 博湖县
54%
三门峡市 湖滨区
54%
湘潭市 雨湖区
54%
贵阳市 观山湖区
53%
蚌埠市 龙子湖区
53%
那曲市 双湖县
49%
鹰潭市 月湖区
49%
喀什地区 岳普湖县
43%
本溪市 溪湖区
42%
No matching quizzes found
Score Distribution
Percent of People with Each Score
Percentile by Number Answered
Your Score History
You have not taken this quiz